000 00322 a2200109 4500
001 ART_46180
005 20260410162053.0
008 260409a
245 1 0 _aLa ley de protección del bosque nativo en Argentina
100 1 _aJuliá, Marta S.
773 0 _tPampa
_g- Año 6, Nº 6 (nov. 2010)
_wREV46129
999 _c36033
_d36033